| 000 | 00509nam a22001457a 4500 | ||
|---|---|---|---|
| 082 | _a621.3 | ||
| 100 | _aHassan, Aamina | ||
| 245 |
_aPerformance Comparison of Waveform Contenders for 5G Physical Layer: _bOFDM, FBMC, and GFDM / _cAamina Hassan |
||
| 260 |
_aIslamabad : _bMCS - NUST, _c2017. |
||
| 300 |
_a94 p. ; _c30cm. |
||
| 650 |
_aElectrical( Telecom) Engineering-MS-Thesis _935036 |
||
| 700 |
_aDr. Adnan Ahmed Khan _934950 |
||
| 942 |
_2ddc _cTHE |
||
| 999 |
_c540816 _d540816 |
||